00811nam a2200265Ia 450000500170000000800590001702000180007602000150009404100080010908200140011710000290013124500420016025000210020230000250022349000360024865000300028465000300031465000330034465000190037726400260039633600270042233700330044933800280048204000350051020220317001659.000003022014 ck g spa 0000000000spa00 a9789584232038 a9584232037 aspa04a170bS18e1 aSavater, Fernandod1947-10aÉtica para AmadorcFernando Savater aSexta edición  a147 páginasc23 cm aBiblioteca Fernando Savater ; 5142LEMBaConducta (Ética)  2LEMBaEducación moral 142LEMBaValores (Filosofía) 142LEMBaÉtica  aBogotábArielc2014 atextobtxt2rdacontent asin mediaciónbn2rdamedia avolumenbnc2rdacarrier aCO-BoRNBPbspaerdacCO-BoRNBP